000 01236nam a22003373i 4500
001 EBC6636612
003 MiAaPQ
005 20211013125249.0
007 cr cnu||||||||
008 210624s2021 xx o ||||0 ger d
020 _a9783657703173
_q(electronic bk.)
020 _a9783506703170
040 _aMiAaPQ
_beng
_cMiAaPQ
041 _ager
100 1 _aMüller, Christian Th.
245 1 0 _aClausewitz Verstehen :
_bWirken, Werk und Wirkung
_cChristian Th. Müller
264 1 _aBoston :
_bBrill,
_c2021.
264 4 _c©2021.
300 _a1 online resource (311 pages)
500 _aE-Book-ProQuest / Fernzugriff nach Registrierung möglich
588 _aDescription based on publisher supplied metadata and other sources.
600 1 4 _aClausewitz, Carl von
655 4 _aElectronic books.
655 _aFernzugriff
776 0 8 _iPrint version:
_aMüller, Christian Th.
_tClausewitz Verstehen
_dBoston : BRILL,c2021
_z9783506703170
856 4 0 _uhttps://ebookcentral.proquest.com/lib/maxweberstiftung-ebooks/detail.action?docID=6636612
_zVolltext
942 _cEB
_2z
999 _c56734
_d56734
336 _2rdacontent
_aText
_btxt
337 _2rdamedia
_aComputermedien
_bbc
338 _2rdacarrier
_aOnline Ressource
_bcr